Design analysis and penformance evaluation methodologies for database computers /

Guardado en:
Detalles Bibliográficos
Autores principales: Demurjan, S.A (Autor), Hsiad, D.K (Autor), Marshall, R.G (Autor)
Formato: Libro
Lenguaje:inglés
Publicado: Englewood Cliffs : Prentice Hall, 1987
Etiquetas: Agregar Etiqueta
Sin Etiquetas, Sea el primero en etiquetar este registro!

MARC

LEADER 00000nam a22000003a 4500
001 stu3118
005 20150617225625.0
008 930212s1987----xxu-----------------eng-d
040 |a STU  |b slo 
041 0 |a eng 
044 |a xxu 
080 |a 681.32.016 
080 |a 519.683.5 
100 1 |a Demurjan, S.A  |4 aut 
245 1 |a Design analysis and penformance evaluation methodologies for database computers /  |c [aut.] Demurjan,S.A.; Hsiad,D.K.; Marshall,R.G 
260 |a Englewood Cliffs :  |b Prentice Hall,  |c 1987 
300 |a 300 s 
700 1 |a Hsiad, D.K  |4 aut 
700 1 |a Marshall, R.G  |4 aut 
996 |c I*10DS3916  |l II680  |s A  |a 24  |w stu3118_0001